Normal view
MARC view
- Fasih, Ghulam Qadar
Entry Personal Name
001 - CONTROL NUMBER
- control field: 16040
003 - CONTROL NUMBER IDENTIFIER
- control field: NUST
005 - DATE AND TIME OF LATEST TRANSACTION
- control field: 20190630100232.0
008 - FIXED-LENGTH DATA ELEMENTS
- fixed length control field: 190630|| aca||aabn | a|a d
040 ## - CATALOGING SOURCE
- Original cataloging agency: NUST
- Transcribing agency: NUST
100 ## - HEADING--PERSONAL NAME
- Personal name: Fasih, Ghulam Qadar
670 ## - SOURCE DATA FOUND
- Source citation: Work cat.: (NUST): Fasih, Ghulam Qadar, Taarikh-i-Islam /, 2013.
